| 000 | 00992nam a2200289Ia 4500 | ||
|---|---|---|---|
| 001 | Para_9273 | ||
| 003 | CHAP | ||
| 008 | 220125s2005 xx 000 0 und d | ||
| 010 | _a208011 | ||
| 040 | _cCHAP | ||
| 082 | _a595.7 K3 | ||
| 100 |
_aKasparyan, Dmitri Rafaelevich _9174447 |
||
| 245 |
_aAvispas parasíticas de plagas y otros insectos. Cryptini de México (Hymenoptera : _bIchneumonidae : _bCryptinae), Parte I / _c por Dmitri Rafaelevich Kasparyan y Enrique Ruíz Cancino |
||
| 260 |
_aCd. Victoria, Tamaulipas, México : _b Universidad Autónoma de Tamaulipas |
||
| 300 | _a287 p. | ||
| 650 |
_aControl biológico de insectos _927582 |
||
| 650 |
_aEntomología económica _937145 |
||
| 650 |
_aInsectos parásitos y predatores _958961 |
||
| 700 |
_aRuíz Cancino, Enrique _9100623 |
||
| 901 | _a595.7 K3 | ||
| 902 | _aM | ||
| 905 | _a0000002005 a 0000000000 00 | ||
| 910 | _a2005 | ||
| 942 | _cPARA | ||
| 942 |
_cPARA _d1 |
||
| 999 |
_c208011 _d208011 |
||